1254 1903 1661 1403 1765 1058 1573 1356 1634 1025 1831 1019 1998 1926 1821 1145 1910 1003 1617 1191 1101 1711 1122 1597 1681 1233 1867 1966 1643 1443 1543 1539 1637 1022 1950 1635 1464 1724 1412 1342 1944 1606 1828 1675 1462 1936 1706 1458 1016 1597 1696 1016 1578 1747 1061 1083 1665 1816 1260 1965 1608 1728 1373 1657 1667 1355 1486 1523 1111 1054 1359 1178 1827 1517 1485 1808 1381 1407 1722 1144 1319 1752 1871 1870 1544 1155 1060 1928 1328 1974 1928 1907 1317 1063 1378 1427 1708 1502 1453 BCNSPRNW ULIB Ver.6.0+V

เปลี่ยนเป็นภาษาไทย

Change to English
 แสดงรายละเอียดบรรณานุกรม
  กลับหน้าหลัก

Brief Record : Get Marc (ISO 2709) : E-mail record : QR code < ปิดหน้าต่าง
LEADER : 00000nas 2200000uu 4500
001    13399122403
003     ULIB
008    020711s|||| th a 000 0 tha d
110    มูลนิธิส่งเสริมสร้างเอกลักษณ์ของชาติ
245    ทิศไท(วิทยาเขตนครสวรรค์)/^cมูลนิธิส่งเสริมสร้างเอกลักษณ์ของชาติ
260    กรุงเทพฯ :^bมูลนิธิส่งเสริมสร้างเอกลักษณ์ของชาติ,^cม.ป.ป.
310    ^aรายสามเดือน
850    ^aฉบับที่ 11 ปีที่ 4;ฉบับที่ 11 ปีที่ 4 ฉ.2
945    ^p0^l0^i800451
945    ^p0^l0^i800452
999    ^aทศพร เกษรทอง
รายการนี้ยังไม่มีแท็ก
คุณยังไม่ได้ล็อกอิน คุณสามารถมีกิจกรรมร่วมกับเว็บไซต์ได้ แต่ต้องล็อกอินก่อน ::
  ล็อกอิน

รายการสื่อสารสนเทศ (วารสาร)

ดูแบบ: กล่อง รายการ
ARRIVED
ฉบับที่ 11 ปีที่ 4
สถานที่: ห้องสมุดวิทยาเขตสวรรค์ประชารักษ์ >วารสาร

BibComment


ยังไม่เคยถูกคอมเมนท์

คอมเมนท์ทรัพยากรรายการนี้
  คอมเมนท์: ทิศไทวิทยาเขตนครส..


 Copyright 2026. Bcnsprnw @Library